000 00668nam a2200289Ia 4500
005 20260324125807.0
008 008 260324s9999 xx 000 0 eng d
020 _a9781315632476
037 _aEBOOK
040 _aCRL
040 _beng
040 _cCRL
041 _2eng
041 _aeng
084 _qCRL
100 _aRose Aguilar
_91179346
245 0 _aRed Highways
245 2 _bA Liberal's Journey Into the Heartland
260 _bTaylor and Francis
260 _c2008
365 _a
365 _b300
856 _uhttp://www.taylorfrancis.com/books/9781315632476
942 _cEBOOK
999 _c1774911
_d1774911